000 01130cam a22003377a 4500
003 CHAP
005 20220329134241.0
008 971013s1987 r 00010 d
010 _a17599
011 _a18571
035 _a22656
040 _cCHAP
090 _aTesis
100 0 0 _aCatalán Valencia, Ernesto Alonso.
_920482
245 0 _aModelo hidrodinámico para la predicción del avance en riego por melgas
260 _aChapingo, Méx. :
_bEl autor,
_c1987
300 _a149 h.
_b; gráfs.
502 _aTesis (M. C. Esp. en Hidrociencias) -- CP. Centro de Hidrociencias
590 _aALEPH
_b10
_c20130110
_lUCH01
_h1240
590 _aBATCH-UPD
_b10
_c20130110
_lUCH01
_h2038
590 _aBATCH-UPD
_b10
_c20130410
_lUCH01
_h1353
590 _aBATCH-UPD
_b10
_c20130914
_lUCH01
_h1319
590 _aCONVERSION
_b10
_c20130109
_lUCH01
_h1311
650 1 4 _aEscurrimiento.
_937675
650 1 4 _aIrrigación
_xModelos matemáticos.
_960431
650 1 4 _aRiego por melgas.
_997382
901 _aBK
942 _cFOLL
949 _bBC
_cTES
_d-53036
_eTS1
_h29463
_i22656
_si
949 _bBC
_cTES
_d-53037
_eTS2
_fc.2
_h19464
_i22656
_si
999 _c17599
_d17599